New Zealand All Blacks Rugby - 35 or more Test Tries - Statistics

General Stats
  • This quiz has been taken 95 times
    35 since last reset
  • The average score is 8 of 10
Answer Stats
Tries Years Player % Correct
49 2000-2007 Doug Howlett
96%
46 1996-2002 Christian Cullen
93%
37 1995-2002 Jonah Lomu
89%
46 2012-2017 Julian Savea
85%
39 2009-2019 Ben Smith
81%
46 2003-2010 Joe Rokocoko
81%
40 2012-2022 Beauden Barrett
74%
44 1993-2001 Jeff Wilson
74%
36 1997-2005 Tana Umaga
70%
35 1985-1994 John Kirwan
63%
No matching quizzes found
Score Distribution
Percent of People with Each Score
Percentile by Number Answered
Your Score History
You have not taken this quiz since the last reset